Statistics for Most Popular Routes Airplane Journey

Click here to take the quiz!

General Stats

  • This quiz has been taken 355 times
    (247 since last reset)
  • The average score is 3 of 24

Answer Stats

HintAirport% Correct
Start at the world's busiest airportHartsfield-Jackson Atlanta International Airport
100%
From there, head southeast toOrlando International Airport
60%
Then northeast toNewark Liberty International Airport
22%
Then west toSan Francisco International Airport
22%
Then southeast toLos Angeles International Airport
20%
Then northeast toJohn F. Kennedy International Airport
19%
Then west toO'Hare International Airport
10%
Then southwest toDallas/Fort Worth International Airport
9%
Then northwest toDenver International Airport
9%
Then southwest toPhoenix Sky Harbor International Airport
9%
Then northwest toSeattle-Tacoma International Airport
9%
Then northwest toAnchorage International Airport
7%
Then north toFairbanks International Airport
7%
Then northeast toLaGuardia Airport
6%
Then southwest toMcCarran International Airport
6%
Then southwest toSan Diego International Airport
6%
Then southwest toFort Lauderdale-Hollywood International Airport
5%
Then southeast toMinneapolis-St. Paul International Airport
5%
Then northwest toSacramento International Airport
4%
Then north toPortland International Airport
2%
Then south toSan Jose International Airport
2%
Then southeast toHollywood Burbank Airport
1%
Finally, southeast toJohn Wayne Airport
1%
Then northwest toOakland International Airport
1%

Score Distribution

Percentile by Number Answered

Percent of People with Each Score

Your Score History

You have not taken this quiz since the last reset